书目信息 |
| 题名: |
林徽因传
|
|
| 作者: | 程碧 著 | |
| 分册: | ||
| 出版信息: | 石家庄 河北人民出版社 2019.01 |
|
| 页数: | 255页, [12] 页图版 | |
| 开本: | 20cm | |
| 丛书名: | 世间始终你好书系 | |
| 单 册: | ||
| 中图分类: | K826.16=71 | |
| 科图分类: | ||
| 主题词: | 建筑师--jian zhu shi--传记--中国--现代 | |
| 电子资源: | ||
| ISBN: | 978-7-202-13494-8 | |
| 000 | 01516nam 2200337 450 | |
| 001 | CAL 0120182648429 | |
| 005 | 20230217093113.0 | |
| 010 | @a978-7-202-13494-8@b精装@dCNY58.00 | |
| 100 | @a20190124d2019 em y0chiy0120 ea | |
| 101 | 0 | @achi |
| 102 | @aCN@b130000 | |
| 105 | @aaf a 000yb | |
| 106 | @ar | |
| 200 | 1 | @a林徽因传@Alin hui yin zhuan@d= Phyllis Lin's story@e人生从来都靠自己成全@f程碧著@zeng |
| 210 | @a石家庄@c河北人民出版社@d2019.01 | |
| 215 | @a255页, [12] 页图版@c图@d20cm | |
| 225 | 2 | @a世间始终你好书系@Ashi jian shi zhong ni hao shu xi |
| 225 | 2 | @a地球旅馆@Adi qiu lu^ guan |
| 314 | @a程碧, 作家, 出版人, 全球生活美学MOOK《innearth地球旅馆》系列读物的主编。 | |
| 320 | @a有书目 (第255页) | |
| 330 | @a本书以林徽因为中心, 通过爱情、亲情、友情及审美情趣, 展示了那些令人感动的“老派的情谊”。讲林徽因不为人知的经历, 讲她圆满的人生, 讲她与徐志摩、梁思成、金岳霖、梁启超、泰戈尔、胡适之、张幼仪、陆小曼、凌叔华、冰心、沈从文、张兆和、费慰梅、费正清、李健吾、萧乾等人的精彩故事。以多重视角去解读、去呈现一个全面的多面的林徽因, 给当代女性以启迪。 | |
| 410 | 0 | @12001 @a世间始终你好书系 |
| 410 | 0 | @12001 @a地球旅馆 |
| 510 | 1 | @aPhyllis Lin's story@zeng |
| 517 | 1 | @a人生从来都靠自己成全@Aren sheng cong lai dou kao zi ji cheng quan |
| 600 | 0 | @a林徽因,@Alin hui yin@f1904-1955@x传记 |
| 606 | 0 | @a建筑师@Ajian zhu shi@x传记@y中国@z现代 |
| 690 | @aK826.16=71@v5 | |
| 701 | 0 | @a程碧@Acheng bi@4著 |
| 801 | 0 | @aCN@bBJXHZP@c20230228 |
| 905 | @b1402666-9@dK826.16=71@e271@f4 | |
| 林徽因传= Phyllis Lin's story:人生从来都靠自己成全/程碧著.-石家庄:河北人民出版社,2019.01 |
| 255页, [12] 页图版:图;20cm.-(世间始终你好书系).-(地球旅馆) |
| ISBN 978-7-202-13494-8(精装):CNY58.00 |
| 本书以林徽因为中心, 通过爱情、亲情、友情及审美情趣, 展示了那些令人感动的“老派的情谊”。讲林徽因不为人知的经历, 讲她圆满的人生, 讲她与徐志摩、梁思成、金岳霖、梁启超、泰戈尔、胡适之、张幼仪、陆小曼、凌叔华、冰心、沈从文、张兆和、费慰梅、费正清、李健吾、萧乾等人的精彩故事。以多重视角去解读、去呈现一个全面的多面的林徽因, 给当代女性以启迪。 |
| ● |
| 相关链接 |
|
|
|
|
正题名:林徽因传
索取号:K826.16=71/271
 
预约/预借
| 序号 | 登录号 | 条形码 | 馆藏地/架位号 | 状态 | 备注 |
| 1 | 1402666 | 214026668 | 第二样本阅览室/ [索取号:K826.16=71/271] | 在馆 | |
| 2 | 1402667 | 214026677 | 第二借阅区/ [索取号:K826.16=71/271] | 在馆 | |
| 3 | 1402668 | 214026686 | 第二借阅区/ [索取号:K826.16=71/271] | 在馆 | |
| 4 | 1402669 | 214026695 | 第二借阅区/ [索取号:K826.16=71/271] | 在馆 |